U.S. Cities With The Worst Hoods - With Map - Statistics

General Stats
  • This quiz has been taken 200 times
  • The average score is 15 of 20
Answers on the Map
Answers color-coded by a green-red scale on the quiz's map according to % correct below.
 
Answer Stats
State City % Correct
Michigan Detroit
93%
Maryland Baltimore
90%
Louisiana New Orleans
89%
Missouri St. Louis
88%
Missouri Kansas City
85%
Tennessee Memphis
85%
Wisconsin Milwaukee
84%
Tennessee Nashville
84%
Alaska Anchorage
82%
Ohio Cleveland
81%
Indiana Indianapolis
81%
Arkansas Little Rock
79%
California Oakland
79%
New Mexico Albuquerque
78%
Alabama Birmingham
74%
Kansas Wichita
67%
Missouri Springfield
52%
California Stockton
47%
Illinois Rockford
45%
California San Bernardino
40%
No matching quizzes found
Score Distribution
Percent of People with Each Score
Percentile by Number Answered
Your Score History
You have not taken this quiz